Statistics for PLL algorithms

Click here to take the quiz!

General Stats

  • This quiz has been taken 16 times
  • The average score is 7 of 13

Answer Stats

Answer% Correct
t perm
100%
y perm
75%
e perm
63%
f perm
63%
h perm
63%
r perm
50%
z perm
50%
a perms
38%
g perms
38%
j perms
38%
n perm
38%
u perms
38%
v perm
38%

Score Distribution

Percentile by Number Answered

Percent of People with Each Score

Your Score History

You have not taken this quiz